[Event "Turkish Cup 2022"]
[Site "Sakarya"]
[Date "2022.03.26"]
[Round "2.35"]
[White "Melik, Enes"]
[Black "Maruflu, Enes Yusuf"]
[Result "0-1"]
[WhiteElo "1592"]
[BlackElo "1945"]
[Annotator "ChessBase"]
[PlyCount "90"]
[EventDate "2022.03.25"]
[EventType "swiss"]
[EventCountry "TUR"]
[SourceTitle "playchess.com"]
[Source "ChessBase"]
[SourceQuality "1"]
[TimeControl "5400+30"]

1. f4 {[%emt 0:01:00]} Nf6 {[%emt 0:02:00]} 2. Nf3 {[%emt 0:01:30]} g6 {[%emt 0:00:30]} 3. b3 {[%emt 0:00:30]} Bg7 {[%emt 0:00:00]} 4. Bb2 {[%emt 0:00:00]} O-O {[%emt 0:01:00]} 5. e3 {[%emt 0:01:00]} d6 {[%emt 0:00:30]} 6. Be2 {[%emt 0:01:30]} Nbd7 {[%emt 0:03:30]} 7. O-O {[%emt 0:10:30]} e5 {[%emt 0:01:30]} 8. fxe5 {[%emt 0:07:30]} Ng4 {[%emt 0:00:00]} 9. Qe1 {[%emt 0:04:30]} Ngxe5 {[%emt 0:03:00]} 10. Nxe5 {[%emt 0:02:30]} Nxe5 {[%emt 0:00:00]} 11. Nc3 {[%emt 0:25:30]} c6 {[%emt 0:03:00]} 12. Qg3 {[%emt 0:18:30]} h5 {[%emt 0:03:30]} 13. d4 {[%emt 0:04:46]} h4 {[%emt 0:04:30]} 14. Qf2 {[%emt 0:01:44]} Ng4 {[%emt 0:00:30]} 15. Bxg4 {[%emt 0:05:37]} Bxg4 {[%emt 0:00:30]} 16. Rae1 {[%emt 0:04:56]} h3 {[%emt 0:02:30]} 17. Qg3 {[%emt 0:01:49]} hxg2 {[%emt 0:00:30]} 18. Rf4 {[%emt 0:01:30]} f5 {[%emt 0:02:30]} 19. Qxg2 {[%emt 0:03:19]} Qh4 {[%emt 0:00:30]} 20. Qg3 {[%emt 0:01:10]} Qxg3+ {[%emt 0:00:30]} 21. hxg3 {[%emt 0:00:00]} Rae8 {[%emt 0:02:30]} 22. Rff1 {[%emt 0:00:27]} Bh3 {[%emt 0:00:30]} 23. Rf4 {[%emt 0:00:30]} g5 {[%emt 0:00:30]} 24. Rf2 {[%emt 0:00:30]} Bxd4 {[%emt 0:00:30]} 25. Nd1 {[%emt 0:01:11]} Bg7 {[%emt 0:12:30]} 26. Bc1 {[%emt 0:00:54]} Be5 {[%emt 0:01:30]} 27. Kh2 {[%emt 0:00:30]} Bg4 {[%emt 0:00:00]} 28. Kg2 {[%emt 0:00:56]} Kg7 {[%emt 0:00:00]} 29. Bb2 {[%emt 0:00:04]} d5 {[%emt 0:15:30]} 30. Bxe5+ {[%emt 0:00:14]} Rxe5 {[%emt 0:00:30]} 31. Nb2 {[%emt 0:00:30]} Rfe8 {[%emt 0:00:30]} 32. Nd1 {[%emt 0:00:30]} d4 {[%emt 0:00:30]} 33. Rd2 {[%emt 0:00:30]} c5 {[%emt 0:00:30]} 34. c3 {[%emt 0:00:30]} Bxd1 {[%emt 0:00:30]} 35. cxd4 {[%emt 0:00:30]} cxd4 {[%emt 0:00:30]} 36. Rexd1 {[%emt 0:00:30]} dxe3 {[%emt 0:00:30]} 37. Rd7+ {[%emt 0:00:30]} R8e7 {[%emt 0:00:30]} 38. Kf3 {[%emt 0:00:41]} e2 {[%emt 0:00:30]} 39. Rxe7+ {[%emt 0:00:30]} Rxe7 {[%emt 0:00:30]} 40. Re1 {[%emt 0:00:30]} Kf6 {[%emt 0:00:30]} 41. b4 {[%emt 0:00:33]} Re8 {[%emt 0:00:00]} 42. a3 {[%emt 0:00:17]} b5 {[%emt 0:00:00]} 43. Kf2 {[%emt 0:00:51]} Re4 {[%emt 0:00:30]} 44. Kf3 {[%emt 0:00:33]} Ke5 {[%emt 0:00:00]} 45. Kf2 {[%emt 0:00:20]} Kd4 {[%emt 0:00:00]} 0-1

[Event "Turkish Cup 2022"]
[Site "Sakarya"]
[Date "2022.03.26"]
[Round "2.37"]
[White "Kisacikoglu, Tolga"]
[Black "Daghan, Devran"]
[Result "0-1"]
[WhiteElo "1647"]
[BlackElo "1985"]
[Annotator "ChessBase"]
[PlyCount "64"]
[EventDate "2022.03.25"]
[EventType "swiss"]
[EventCountry "TUR"]
[SourceTitle "playchess.com"]
[Source "ChessBase"]
[SourceQuality "1"]
[TimeControl "5400+30"]

1. e4 {[%emt 0:01:00]} c6 {[%emt 0:01:00]} 2. d4 {[%emt 0:00:30]} d5 {[%emt 0:00:30]} 3. e5 {[%emt 0:00:30]} Bf5 {[%emt 0:00:00]} 4. h4 {[%emt 0:00:00]} h5 {[%emt 0:00:00]} 5. Bd3 {[%emt 0:00:00]} Bxd3 {[%emt 0:00:30]} 6. Qxd3 {[%emt 0:00:30]} e6 {[%emt 0:00:30]} 7. Bg5 {[%emt 0:00:30]} Qa5+ {[%emt 0:00:00]} 8. Nd2 {[%emt 0:00:00]} Qa6 {[%emt 0:01:00]} 9. c4 {[%emt 0:00:00]} Ne7 {[%emt 0:11:30]} 10. Ne2 {[%emt 0:00:00]} Nd7 {[%emt 0:00:30]} 11. O-O {[%emt 0:06:00]} c5 {[%emt 0:07:30]} 12. Rfe1 {[%emt 0:31:30]} Nc6 {[%emt 0:20:30]} 13. Bf4 {[%emt 0:01:30]} Nb6 {[%emt 0:10:30]} 14. b3 {[%emt 0:01:30]} dxc4 {[%emt 0:05:30]} 15. bxc4 {[%emt 0:02:30]} cxd4 {[%emt 0:00:30]} 16. Rec1 {[%emt 0:05:30]} Rd8 {[%emt 0:10:30]} 17. Ng3 {[%emt 0:17:30]} Nd7 {[%emt 0:06:30]} 18. Nf3 {[%emt 0:16:24]} Ba3 {[%emt 0:00:30]} 19. Ne4 {[%emt 0:01:54]} Nc5 {[%emt 0:05:13]} 20. Nxc5 {[%emt 0:01:52]} Bxc5 {[%emt 0:00:30]} 21. Ng5 {[%emt 0:00:30]} Qa3 {[%emt 0:03:01]} 22. Qe4 {[%emt 0:03:42]} d3 {[%emt 0:02:20]} 23. Rcb1 {[%emt 0:01:07]} d2 {[%emt 0:04:03]} 24. Bxd2 {[%emt 0:07:01]} Rxd2 {[%emt 0:00:31]} 25. Rxb7 {[%emt 0:00:43]} Nd8 {[%emt 0:02:33]} 26. Rb8 {[%emt 0:00:46]} Bxf2+ {[%emt 0:01:43]} 27. Kh1 {[%emt 0:00:06]} Qd3 {[%emt 0:00:01]} 28. Qc6+ {[%emt 0:00:50]} Qd7 {[%emt 0:01:25]} 29. Qe4 {[%emt 0:00:17]} Rd1+ {[%emt 0:00:26]} 30. Rxd1 {[%emt 0:00:30]} Qxd1+ {[%emt 0:00:30]} 31. Kh2 {[%emt 0:00:30]} Qg1+ {[%emt 0:00:30]} 32. Kh3 {[%emt 0:00:30]} Qh1# {[%emt 0:00:00]} 0-1

[Event "Turkish Cup 2022"]
[Site "Sakarya"]
[Date "2022.03.26"]
[Round "2.38"]
[White "Surucu, Efe Mustafa"]
[Black "Akin, Kadir"]
[Result "0-1"]
[WhiteElo "1598"]
[BlackElo "1964"]
[Annotator "TA"]
[PlyCount "114"]
[EventDate "2022.03.25"]
[EventType "swiss"]
[EventCountry "TUR"]
[SourceTitle "playchess.com"]
[Source "ChessBase"]
[SourceQuality "1"]

{[%evp 14,114,0,0,70,56,77,82,107,106,124,134,131,131,164,76,94,108,127,43,82,87,83,81,74,77,81,83,88,96,90,23,202,83,97,93,159,139,171,114,121,104,101,97,102,91,164,77,107,103,109,102,106,32,41,19,169,-7,-4,-8,0,-126,-142,-269,0,0,0,-31,-49,-141,-133,-243,-141,-141,-141,-141,-141,-234,-148,-5075,-377,-3465,-3465,-29970,-29971,-29973,-29974,-29974,-29975,-29976,-29977,-29977,-29978,-29978,-29979,-29980,-29978,-29981,-29982,-29981,-29976,-29981,-29976]} 1. e4 d6 2. d4 g6 3. Nc3 Bg7 4. f4 Nf6 5. Nf3 c5 6. e5 Nfd7 7. e6 fxe6 8. Ng5 Nf8 {B09: Pirc Defence: Austrian Attack.} (8... Nf6 $1 $11) 9. dxc5 $14 h6 {[#]} 10. Nf3 $146 ({Predecessor:} 10. Nge4 dxc5 11. Qf3 Qb6 12. Bb5+ Bd7 13. a4 Nc6 14. Be3 Nd4 15. Qf2 Bxb5 16. axb5 {0-1 (37) Mahmoody,M (2218)-Rohit,G (2352) Dubai 2005}) 10... Nc6 {White is better.} 11. cxd6 exd6 12. Bd3 Qb6 13. Nb5 d5 14. c4 (14. Qe2 $18 {and White stays clearly on top.}) 14... Kf7 15. Qe2 $1 a6 {[#]} 16. cxd5 exd5 {[#]} 17. Be3 $1 Qa5+ 18. Bd2 Qb6 19. Nd6+ Kg8 20. Qe8 $36 {[%csl LRc8,LRg6][%mdl 2048] White threatens Qf7+ and mate. White is really pushing.} Nd8 {To avoid Qf7+} 21. Nxc8 Rxc8 22. Be3 (22. Rc1 $16 Rxc1+ 23. Bxc1) 22... d4 $2 (22... Qxb2 $2 23. O-O Qf6 24. Ne5 $16) (22... Qc7 $1 $11 {and Black has nothing to worry.} 23. Qa4 (23. Bxg6 $2 Nc6 $19) 23... Bxb2) 23. Bf2 (23. Bd2 $18 {has better winning chances.}) 23... Qe6+ 24. Qxe6+ Nfxe6 (24... Ndxe6 $142 25. g3 Nc5 26. Bc4+ Kh7) 25. g3 $16 Kf7 26. O-O ({Better is} 26. Nh4 $1 $18) 26... Nc6 27. f5 gxf5 28. Bxf5 {aiming for Rae1.} Rcd8 29. Rae1 Rhe8 (29... Ng5 $16 {is a better defense.} 30. Nd2 Rhf8) 30. Nh4 (30. Bc2 $18 {is more deadly.}) 30... Nf8 31. Be4 {Strongly threatening Bxd4+.} Kg8 32. Nf5 Ne6 33. g4 (33. Kg2 $16) 33... d3 $14 34. Bh4 {Threatens to win with Bxc6. A strong pair of Bishops.} d2 {[#]} (34... Rd7 $11 {and Black stays safe.}) 35. Rd1 $2 (35. Bxc6 $1 $18 dxe1=R (35... dxe1=Q 36. Rxe1) 36. Rxe1 bxc6 37. Bxd8) 35... Ng5 $11 36. Bg2 Nd4 37. Nxg7 (37. Bxb7 $11 {keeps the balance.} Re6 38. Kg2 (38. Rxd2 Ndf3+ 39. Bxf3 Nxf3+ 40. Rxf3 Rxd2 $17) (38. Nxg7 Kxg7 39. Kh1 Nc2 $17)) 37... Kxg7 $17 38. Bxb7 {[#]} (38. Bf2 $17) 38... Rb8 $2 ({Black should try} 38... Nc2 $1 $19 {White must now prevent ...Ne3.} 39. Bc6 (39. Bxa6 $2 Ne3 $19) 39... Re6) 39. Bxg5 $11 hxg5 40. Bxa6 (40. Rxd2 $5 {[%cal Rb7a6]} Ne2+ 41. Kf2 Rxb7 42. Rxe2 Rxe2+ 43. Kxe2 Rxb2+ 44. Kd3 $11) 40... Rxb2 41. Bc4 (41. a4 $1 $15) 41... Rc8 $17 42. Rf7+ {[#]} (42. Bb3 $17) 42... Kg6 (42... Kh8 $1 $19 43. Rdf1 Rbb8) 43. Rdf1 {[%csl Gf7][%cal Rf1f6]} d1=Q {The board is on fire. Active counter play!} 44. Bd3+ Nf5 $1 45. Bxf5+ (45. Rxd1 $17 {keeps fighting.} Kxf7 46. Rf1) 45... Kxf7 $19 46. Bxc8+ $4 {[%mdl 8192] [#]} (46. Rxd1 $17 Rh8 47. Rf1) 46... Qxf1+ $1 {[%mdl 512]} 47. Kxf1 Rxa2 $17 {[%mdl 4096] Endgame KR-KB} 48. h3 Kf6 {Black mates.} 49. Bf5 Ke5 50. Ke1 Kf4 51. Kd1 Kg3 52. Ke1 Kxh3 53. Kf1 Kg3 54. Ke1 Kf3 55. Kd1 Rg2 56. Ke1 Rg1+ 57. Kd2 Rxg4 {What a bad dream for White.  Weighted Error Value: White=0.46/Black=0.31} 0-1

[Event "Turkish Cup 2022"]
[Site "Sakarya"]
[Date "2022.03.26"]
[Round "2.39"]
[White "Ibik, Halit Yavuz"]
[Black "Gursu, Sungur"]
[Result "1/2-1/2"]
[WhiteElo "1996"]
[BlackElo "1562"]
[Annotator "ChessBase"]
[PlyCount "46"]
[EventDate "2022.03.25"]
[EventType "swiss"]
[EventCountry "TUR"]
[SourceTitle "playchess.com"]
[Source "ChessBase"]
[SourceQuality "1"]
[TimeControl "5400+30"]

1. e4 {[%emt 0:01:00]} Nf6 {[%emt 0:02:00]} 2. e5 {[%emt 0:00:30]} Nd5 {[%emt 0:00:30]} 3. d4 {[%emt 0:00:30]} d6 {[%emt 0:00:00]} 4. Nf3 {[%emt 0:00:00]} g6 {[%emt 0:00:00]} 5. Bc4 {[%emt 0:00:00]} Nb6 {[%emt 0:01:30]} 6. Bb3 {[%emt 0:00:00]} Bg7 {[%emt 0:00:00]} 7. Ng5 {[%emt 0:00:00]} e6 {[%emt 0:01:00]} 8. Qf3 {[%emt 0:00:30]} Qe7 {[%emt 0:00:30]} 9. Ne4 {[%emt 0:00:30]} h6 {[%emt 0:06:30]} 10. exd6 {[%emt 0:10:30]} cxd6 {[%emt 0:00:00]} 11. Bf4 {[%emt 0:00:30]} e5 {[%emt 0:02:00]} 12. dxe5 {[%emt 0:00:30]} Bxe5 {[%emt 0:08:30]} 13. Bxe5 {[%emt 0:00:30]} dxe5 {[%emt 0:00:00]} 14. Qxf7+ {[%emt 0:12:30]} Qxf7 {[%emt 0:03:00]} 15. Nd6+ {[%emt 0:00:30]} Ke7 {[%emt 0:05:30]} 16. Nxf7 {[%emt 0:01:30]} Re8 {[%emt 0:00:30]} 17. Nxe5 {[%emt 0:09:30]} Nc6 {[%emt 0:03:30]} 18. f4 {[%emt 0:10:30]} Kd8 {[%emt 0:08:30]} 19. O-O {[%emt 0:02:30]} Nxe5 {[%emt 0:00:30]} 20. fxe5 {[%emt 0:00:30]} Rxe5 {[%emt 0:00:30]} 21. Nc3 {[%emt 0:00:30]} Bf5 {[%emt 0:00:30]} 22. Rfe1 {[%emt 0:02:30]} Rxe1+ {[%emt 0:02:30]} 23. Rxe1 {[%emt 0:00:30]} Kd7 {[%emt 0:00:30]} 1/2-1/2

[Event "Turkish Cup 2022"]
[Site "Sakarya"]
[Date "2022.03.26"]
[Round "2.40"]
[White "Celik, Ege Yigit"]
[Black "Demirag, Batuhan"]
[Result "0-1"]
[WhiteElo "1466"]
[BlackElo "1923"]
[Annotator "ChessBase"]
[PlyCount "86"]
[EventDate "2022.03.25"]
[EventType "swiss"]
[EventCountry "TUR"]
[SourceTitle "playchess.com"]
[Source "ChessBase"]
[SourceQuality "1"]
[TimeControl "5400+30"]

1. c4 {[%emt 0:01:00]} e6 {[%emt 0:01:00]} 2. g3 {[%emt 0:00:00]} d5 {[%emt 0:00:30]} 3. Bg2 {[%emt 0:00:00]} Nf6 {[%emt 0:00:30]} 4. Nf3 {[%emt 0:00:00]} Bd6 {[%emt 0:01:30]} 5. b3 {[%emt 0:01:00]} O-O {[%emt 0:00:30]} 6. O-O {[%emt 0:00:30]} Nbd7 {[%emt 0:02:30]} 7. Bb2 {[%emt 0:03:30]} a5 {[%emt 0:00:30]} 8. Nc3 {[%emt 0:02:30]} c6 {[%emt 0:00:30]} 9. e3 {[%emt 0:04:30]} b6 {[%emt 0:02:30]} 10. d3 {[%emt 0:05:30]} Qe7 {[%emt 0:01:30]} 11. Nd4 {[%emt 0:01:30]} Bb7 {[%emt 0:00:30]} 12. cxd5 {[%emt 0:01:30]} cxd5 {[%emt 0:04:30]} 13. Ndb5 {[%emt 0:03:30]} Rfc8 {[%emt 0:06:30]} 14. Nxd6 {[%emt 0:28:30]} Qxd6 {[%emt 0:00:00]} 15. d4 {[%emt 0:00:30]} Ne4 {[%emt 0:05:00]} 16. Nxe4 {[%emt 0:05:30]} dxe4 {[%emt 0:00:00]} 17. d5 {[%emt 0:00:00]} Qxd5 {[%emt 0:06:00]} 18. Qg4 {[%emt 0:02:00]} Ne5 {[%emt 0:00:30]} 19. Qxe4 {[%emt 0:02:30]} Qxe4 {[%emt 0:01:30]} 20. Bxe4 {[%emt 0:00:00]} Nf3+ {[%emt 0:05:30]} 21. Bxf3 {[%emt 0:00:00]} Bxf3 {[%emt 0:00:00]} 22. Rac1 {[%emt 0:00:30]} f6 {[%emt 0:02:00]} 23. h3 {[%emt 0:21:10]} Rd8 {[%emt 0:04:30]} 24. Bd4 {[%emt 0:07:38]} b5 {[%emt 0:00:30]} 25. g4 {[%emt 0:05:06]} e5 {[%emt 0:00:30]} 26. Bb6 {[%emt 0:01:52]} Rd2 {[%emt 0:00:30]} 27. a3 {[%emt 0:02:08]} h5 {[%emt 0:03:30]} 28. gxh5 {[%emt 0:00:40]} Ra6 {[%emt 0:03:30]} 29. Bc5 {[%emt 0:01:02]} Rd3 {[%emt 0:01:30]} 30. Rb1 {[%emt 0:00:37]} Rc6 {[%emt 0:00:30]} 31. Rfc1 {[%emt 0:00:33]} Bxh5 {[%emt 0:00:30]} 32. Rb2 {[%emt 0:00:39]} Bf7 {[%emt 0:01:30]} 33. Rbc2 {[%emt 0:00:32]} Bxb3 {[%emt 0:02:30]} 34. Rc3 {[%emt 0:00:25]} Rxc3 {[%emt 0:00:30]} 35. Rxc3 {[%emt 0:00:30]} Bc4 {[%emt 0:00:00]} 36. Ba7 {[%emt 0:00:35]} Kf7 {[%emt 0:01:00]} 37. e4 {[%emt 0:00:17]} b4 {[%emt 0:00:30]} 38. axb4 {[%emt 0:00:30]} axb4 {[%emt 0:00:00]} 39. Rc2 {[%emt 0:00:28]} b3 {[%emt 0:01:00]} 40. Rb2 {[%emt 0:00:41]} Ra6 {[%emt 0:00:30]} 41. Be3 {[%emt 0:00:16]} Ra2 {[%emt 0:00:00]} 42. Rb1 {[%emt 0:00:44]} b2 {[%emt 0:01:00]} 43. Kh2 {[%emt 0:00:36]} Bd3 {[%emt 0:00:00]} 0-1

[Event "Turkish Cup 2022"]
[Site "Sakarya"]
[Date "2022.03.26"]
[Round "2.41"]
[White "Kavri, Yusuf Eren"]
[Black "Kaban, Mahmut"]
[Result "1-0"]
[WhiteElo "1886"]
[BlackElo "1525"]
[Annotator "NA"]
[PlyCount "65"]
[EventDate "2022.03.25"]
[EventType "swiss"]
[EventCountry "TUR"]
[SourceTitle "playchess.com"]
[Source "ChessBase"]
[SourceQuality "1"]
[TimeControl "5400+30"]

1. d4 {[%emt 0:01:00]} Nf6 {[%emt 0:02:00]} 2. c4 {[%emt 0:00:30]} e6 {[%emt 0:00:30]} 3. Nc3 {[%emt 0:00:30]} Bb4 {[%emt 0:00:30]} 4. Nf3 {[%emt 0:00:00]} b6 $11 {[%emt 0:00:30]} 5. Bg5 {[%emt 0:00:00]} Bb7 {[%emt 0:01:30]} 6. e3 {[%emt 0:00:30]} h6 {[%emt 0:03:30]} 7. Bh4 {[%emt 0:00:30]} g5 {[%emt 0:01:30]} 8. Bg3 {[%emt 0:00:30]} Ne4 {[%emt 0:00:30]} 9. Qc2 {[%emt 0:00:30]} d6 {[%emt 0:07:30]} 10. Bd3 {[%emt 0:02:30]} Bxc3+ {[%emt 0:00:30]} 11. bxc3 {[%emt 0:02:30]} f5 {[%emt 0:00:30]} 12. O-O-O {[%emt 0:09:30]} Nd7 {[%emt 0:13:30]} 13. h4 {[%emt 0:14:30]} Qf6 {[%emt 0:04:30]} 14. Bxe4 {[%emt 0:11:30]} Bxe4 {[%emt 0:01:30]} 15. Qa4 {[%emt 0:00:30]} Ke7 {[%emt 0:38:30]} 16. Ne5 {[%emt 0:28:30]} dxe5 {[%emt 0:02:03]} 17. Qxd7+ {[%emt 0:00:30]} Kxd7 {[%emt 0:00:30]} 18. dxe5+ {[%emt 0:00:30]} Kc6 {[%emt 0:00:31]} 19. exf6 {[%emt 0:00:00]} Bxg2 {[%emt 0:00:18]} 20. Rhg1 {[%emt 0:00:00]} Bf3 {[%emt 0:00:30]} 21. Rd4 {[%emt 0:01:30]} Rhf8 {[%emt 0:04:17]} 22. Be5 {[%emt 0:01:30]} g4 {[%emt 0:00:20]} 23. Kb2 {[%emt 0:01:30]} Rf7 {[%emt 0:00:55]} 24. Rc1 {[%emt 0:01:30]} Raf8 {[%emt 0:07:57]} 25. Rc2 {[%emt 0:02:30]} a5 {[%emt 0:02:47]} 26. Rcd2 {[%emt 0:00:30]} a4 {[%emt 0:04:43]} 27. Ka3 {[%emt 0:10:46]} Ra8 {[%emt 0:00:11]} 28. Bf4 {[%emt 0:04:38]} Ra5 {[%emt 0:00:44]} 29. Bxh6 {[%emt 0:00:57]} e5 {[%emt 0:01:19]} 30. Rd8 {[%emt 0:01:18]} Rxf6 {[%emt 0:00:05]} 31. Bg5 {[%emt 0:00:00]} Rg6 {[%emt 0:00:44]} 32. Kb4 {[%emt 0:01:34]} b5 {[%emt 0:01:10]} 33. Kxa5 {[%emt 0:00:22]} 1-0

[Event "Turkish Cup 2022"]
[Site "Sakarya"]
[Date "2022.03.26"]
[Round "2.42"]
[White "Topuz, Mirac Melih"]
[Black "Canbulan, Arda"]
[Result "1-0"]
[WhiteElo "1515"]
[BlackElo "1867"]
[Annotator "NA RC"]
[PlyCount "103"]
[EventDate "2022.03.25"]
[EventType "swiss"]
[EventCountry "TUR"]
[SourceTitle "playchess.com"]
[Source "ChessBase"]
[SourceQuality "1"]
[TimeControl "5400+30"]

1. e4 {[%emt 0:01:00]} c5 {[%emt 0:01:00]} 2. Nf3 {[%emt 0:00:30]} d6 {[%emt 0:00:30]} 3. c4 {[%emt 0:00:30]} Nc6 {[%emt 0:00:00]} 4. d4 {[%emt 0:01:30]} cxd4 {[%emt 0:00:00]} 5. Nxd4 {[%emt 0:00:30]} g6 {[%emt 0:00:00]} 6. Nc3 {[%emt 0:00:00]} Bg7 {[%emt 0:00:00]} 7. Be3 {[%emt 0:00:00]} Nf6 {[%emt 0:00:00]} 8. Be2 {[%emt 0:00:00]} O-O {[%emt 0:00:00]} 9. O-O {[%emt 0:00:00]} Bd7 {[%emt 0:00:30]} 10. h3 {[%emt 0:01:30]} Nxd4 {[%emt 0:00:30]} 11. Bxd4 {[%emt 0:00:30]} Bc6 {[%emt 0:00:00]} 12. Qd3 {[%emt 0:07:30]} a5 {[%emt 0:00:30] The main line 12...a5 scores better than 12...Nd7.} 13. Nd5 {[%emt 0:01:30]} Bxd5 {[%emt 0:01:30]} 14. exd5 {[%emt 0:00:30]} Nd7 {[%emt 0:00:30] [#]} 15. Be3 $146 {[%emt 0:04:30]} ({Predecessor:} 15. Bxg7 Kxg7 16. Rac1 Qb6 17. Rc2 Kg8 18. Kh1 Nc5 {½-½ (18) Kurzynsky,M (1993)-Hawranke,D (2131) Pinneberg 2012}) 15... a4 {[%emt 0:01:00]} 16. Rab1 {[%emt 0:01:30]} Qc7 {[%emt 0:01:30]} 17. Rfc1 {[%emt 0:04:30]} b6 {[%emt 0:12:30]} 18. b4 {[%emt 0:05:30]} axb3 {[%emt 0:00:30]} 19. Qxb3 {[%emt 0:05:30]} Rfb8 {[%emt 0:11:30]} 20. a4 {[%emt 0:02:30]} Nc5 {[%emt 0:02:30]} 21. Bxc5 {[%emt 0:00:30]} bxc5 {[%emt 0:00:30]} 22. Qc2 {[%emt 0:00:30]} Qa5 {[%emt 0:01:30]} 23. Rb5 {[%emt 0:02:30]} Rxb5 {[%emt 0:04:30]} 24. axb5 {[%emt 0:00:30]} Qb4 {[%emt 0:00:30]} 25. Rb1 {[%emt 0:03:30]} Ra1 {[%emt 0:00:30]} 26. Rxa1 {[%emt 0:01:30]} Bxa1 {[%emt 0:00:00]} 27. Bf1 {[%emt 0:03:30]} Bb2 {[%emt 0:02:30]} 28. Qe4 {[%emt 0:00:30]} Be5 {[%emt 0:02:30]} 29. Qc2 {[%emt 0:10:30]} h5 {[%emt 0:12:30]} 30. Qa2 {[%emt 0:00:30]} h4 {[%emt 0:02:30]} 31. Qe2 {[%emt 0:09:30]} f5 {[%emt 0:07:30]} 32. Qa2 {[%emt 0:04:30]} Kf7 {[%emt 0:03:30]} 33. Qe2 {[%emt 0:05:30]} Qc3 {[%emt 0:08:30]} 34. Kh1 {[%emt 0:06:38]} Qc1 {[%emt 0:01:30]} 35. Qd3 {[%emt 0:06:26]} Qf4 {[%emt 0:00:30]} 36. g3 {[%emt 0:00:30]} Qxf2 {[%emt 0:00:30]} 37. Qe2 {[%emt 0:03:23]} Qxg3 {[%emt 0:01:30]} 38. Qg2 {[%emt 0:01:54]} Qe3 {[%emt 0:03:30]} 39. Qe2 {[%emt 0:02:20]} Qc3 {[%emt 0:01:30]} 40. Qd3 {[%emt 0:01:12]} Qc1 {[%emt 0:07:55]} 41. Qf3 {[%emt 0:00:33]} Kf6 {[%emt 0:00:39]} 42. Kg2 {[%emt 0:01:18]} Qd2+ {[%emt 0:00:41]} 43. Qf2 {[%emt 0:00:30]} Bc3 {[%emt 0:02:52]} 44. Be2 {[%emt 0:01:48]} g5 {[%emt 0:06:27]} 45. Qf3 {[%emt 1:50:25]} Bd4 {[%emt 1:50:58]} 46. Qh5 $2 {[%emt 0:00:30] [#]} (46. Kh1 $17) 46... Kg7 $17 {[%emt 0:00:30]} ({But not} 46... Qe3 47. Qh8+ Kg6 48. Bh5#) (46... g4 $1 {mates} 47. Qxh4+ Kg6 48. Qxe7 Be5 49. Qe6+ Kg5 50. Qe7+ Kf4 51. Qh4 Qxe2+ 52. Qf2+ Qxf2+ 53. Kxf2 g3+ 54. Ke2 Ke4 55. b6 f4 56. b7 f3+ 57. Kd2 g2 58. b8=Q g1=Q 59. Kc2 Qg2+ 60. Kc1 Qf1+ 61. Kd2 Qe2+ 62. Kc1 f2 63. Qf8 Bf4+ 64. Qxf4+ Kxf4 65. h4 f1=Q#) 47. Qf3 {[%emt 0:00:30]} Qe1 {[%emt 0:00:30]} 48. Bf1 {[%emt 0:00:30]} Kf6 {[%emt 0:00:30]} 49. b6 {[%emt 0:00:30]} Qb1 {[%emt 0:00:10]} 50. Qh5 {[%emt 0:01:28]} Qb2+ {[%emt 0:00:52]} 51. Be2 {[%emt 0:00:12]} Qb1 {[%emt 0:01:45]} 52. Qh8+ {[%emt 0:00:13]} 1-0

[Event "Turkish Cup 2022"]
[Site "Sakarya"]
[Date "2022.03.26"]
[Round "2.44"]
[White "Arslan, Tayfun"]
[Black "Kocakaplan, Emre"]
[Result "1-0"]
[WhiteElo "1512"]
[BlackElo "1846"]
[Annotator "NA RC"]
[PlyCount "145"]
[EventDate "2022.03.25"]
[EventType "swiss"]
[EventCountry "TUR"]
[SourceTitle "playchess.com"]
[Source "ChessBase"]
[SourceQuality "1"]
[TimeControl "5400+30"]

1. e4 {[%emt 0:01:00]} c5 {[%emt 0:01:00]} 2. Nf3 {[%emt 0:00:30]} Nc6 {[%emt 0:00:30]} 3. d4 {[%emt 0:00:30]} cxd4 {[%emt 0:00:30]} 4. Nxd4 {[%emt 0:00:00]} Nf6 {[%emt 0:00:00]} 5. Nc3 {[%emt 0:00:00]} e5 {[%emt 0:00:00]} 6. Ndb5 {[%emt 0:00:00]} d6 {[%emt 0:00:00]} 7. Bg5 {[%emt 0:00:00]} a6 {[%emt 0:00:00]} 8. Na3 {[%emt 0:00:30]} b5 {[%emt 0:00:30]} 9. Nd5 {[%emt 0:00:30]} Be7 {[%emt 0:00:30]} 10. Bxf6 {[%emt 0:00:00]} Bxf6 $11 {[%emt 0:00:00]} 11. Bd3 {[%emt 0:00:00]} (11. c3 {might be stronger.}) 11... O-O 12. O-O Bg5 13. c4 b4 14. Nc2 a5 15. Nce3 Kh8 16. a3 Rb8 17. axb4 Nxb4 18. b3 Nc6 19. Bc2 g6 20. Nc3 Nd4 21. Ned5 Bh6 22. Ne2 Nxc2 23. Qxc2 f5 24. f3 Be6 25. Nec3 Rc8 26. Ra2 fxe4 27. Qxe4 Bf5 28. Qe2 Rb8 29. Ra3 Qh4 30. g4 Be6 31. Ne4 Bxd5 32. cxd5 Qe7 33. Qd3 Qa7+ 34. Kg2 Qb6 35. g5 Bg7 36. Qc3 Rbc8 37. Qd3 Rc7 38. Ra2 Rfc8 39. Rff2 Bf8 40. Rfc2 Be7 41. Rxc7 Rxc7 42. Rc2 Kg7 43. h4 Kf7 44. Rf2 Kg7 45. f4 Qd4 {[%emt 1:52:23]} 46. Qxd4 {[%emt 1:47:07]} exd4 {[%emt 0:00:30]} 47. Ra2 {[%emt 0:00:30]} Kf7 {[%emt 0:00:30]} 48. Rxa5 {[%emt 0:00:30]} Rc2+ {[%emt 0:00:30]} 49. Kf3 {[%emt 0:00:30]} Rb2 {[%emt 0:00:30]} 50. Rb5 {[%emt 0:00:30]} Ke8 {[%emt 0:00:30]} 51. Rb7 {[%emt 0:02:18]} Rh2 {[%emt 0:00:28]} 52. Rb4 {[%emt 0:00:06]} Rh3+ {[%emt 0:00:54]} 53. Ng3 {[%emt 0:00:16]} Rxh4 {[%emt 0:00:41]} 54. Rxd4 {[%emt 0:00:30]} Bd8 {[%emt 0:00:00]} 55. Rd2 {[%emt 0:02:03]} Kd7 {[%emt 0:00:24]} 56. Ra2 {[%emt 0:00:16]} Bb6 {[%emt 0:00:53]} 57. b4 {[%emt 0:00:12]} h6 {[%emt 0:00:05]} 58. gxh6 {[%emt 0:00:34]} Rxh6 {[%emt 0:00:30]} 59. Kg4 {[%emt 0:00:00]} Rh8 {[%emt 0:00:10]} 60. Rc2 {[%emt 0:00:04]} Rf8 {[%emt 0:00:18]} 61. Rc4 {[%emt 0:00:37]} Be3 {[%emt 0:01:17]} 62. Re4 {[%emt 0:00:01]} Bd2 {[%emt 0:00:08]} 63. Kg5 {[%emt 0:01:50]} Rb8 {[%emt 0:00:11]} 64. Ne2 {[%emt 0:00:19]} Bxb4 {[%emt 0:01:16]} 65. Kxg6 {[%emt 0:00:18]} Bc5 {[%emt 0:00:13]} 66. f5 {[%emt 0:00:11]} Rg8+ {[%emt 0:00:44]} 67. Kf7 {[%emt 0:00:14]} Rg5 {[%emt 0:00:16]} 68. Kf6 {[%emt 0:00:02]} Rg2 {[%emt 0:00:48]} 69. Nf4 {[%emt 0:00:22]} Rg4 {[%emt 0:00:28]} 70. Re7+ {[%emt 0:00:13]} Kc8 {[%emt 0:00:00]} 71. Ne6 {[%emt 0:00:17]} Bb4 {[%emt 0:00:37]} 72. Kf7 {[%emt 0:00:55]} Bc3 {[%emt 0:00:55]} 73. Rc7+ {[%emt 0:00:07]} 1-0